| 000 | 00868cam a22002891 4500 | ||
|---|---|---|---|
| 999 |
_c41784 _d41784 |
||
| 001 | 10310077 | ||
| 003 | OSt | ||
| 005 | 20221109120432.0 | ||
| 008 | 720726s1961 xx 000 0 eng | ||
| 010 | _asa 62000302 | ||
| 020 | _a9788122904031 | ||
| 035 | _a(OCoLC)365437 | ||
| 040 |
_aDLC _cOKentU _dDLC |
||
| 042 | _apremarc | ||
| 050 | 0 | 0 |
_aQK533 _b.P28 |
| 082 |
_a587 _bPAR/I |
||
| 100 |
_aParihar, N S _94819 |
||
| 245 | 0 | 3 |
_aAn introduction to embryophyta.: _bVolume II Pteridophytes / _cN S Parihar |
| 250 | _a[4th rev. ed.] | ||
| 260 |
_aAllahabad, _bCentral Book Depot, _c1961. |
||
| 300 |
_a331 p _billus. _c23 cm. |
||
| 505 | 0 | _av. 1. Bryophyta.--v. 2. Pteridophytes. | |
| 650 | 0 | _aBryophytes. | |
| 650 | 0 | _aPteridophyta. | |
| 906 |
_a7 _bcbc _coclcrpl _du _encip _f19 _gy-gencatlg |
||
| 942 |
_2ddc _cBK _h587 _iPAR/I _k587 _mPAR/I |
||